Gandhi and politics in India / (Record no. 1948)
[ view plain ]
| 000 -LEADER | |
|---|---|
| fixed length control field | 00857nam a2200265 a 4500 |
| 001 - CONTROL NUMBER | |
| control field | 1948 |
| 003 - CONTROL NUMBER IDENTIFIER | |
| rucl marc code | BD-RjUL |
| 005 - DATE AND TIME OF LATEST TRANSACTION | |
| control field | 20211208233441.0 |
| 008 - FIXED-LENGTH DATA ELEMENTS--GENERAL INFORMATION | |
| fixed length control field | 131210s1996 ii b 001 0 eng c |
| 035 ## - SYSTEM CONTROL NUMBER | |
| System control number | (OCoLC)ocm18110246 |
| System control number | (BD-RjUL)1975 |
| 040 ## - CATALOGING SOURCE | |
| Original cataloging agency | DLC/MH |
| Transcribing agency | HLS |
| Modifying agency | DLC |
| -- | BD-RjUL |
| Language of cataloging | eng |
| 041 ## - LANGUAGE CODE | |
| Language code of text/sound track or separate title | eng |
| 082 ## - DEWEY DECIMAL CLASSIFICATION NUMBER | |
| Edition number | 16 |
| Classification number | 320.954 |
| Author mark and year | GAN 1966 |
| 245 00 - TITLE STATEMENT | |
| Title | Gandhi and politics in India / |
| Statement of responsibility, etc. | edited by Verinder Grover. |
| 260 ## - PUBLICATION, DISTRIBUTION, ETC. (IMPRINT) | |
| Place of publication, distribution, etc. | New Delhi : |
| Name of publisher, distributor, etc. | Deep & Deep Publications, |
| Date of publication, distribution, etc. | c1996. |
| 300 ## - PHYSICAL DESCRIPTION | |
| Pagination | 240 p. ; |
| Size | 22 cm. |
| 504 ## - BIBLIOGRAPHY, ETC. NOTE | |
| Bibliography, etc | Bibliography: p. [231]-233. and index. |
| 600 10 - SUBJECT ADDED ENTRY--PERSONAL NAME | |
| Personal name | Gandhi, |
| Titles and other words associated with a name | Mahatma, |
| Dates associated with a name | 1869-1948 |
| General subdivision | Political and social views. |
| 651 #0 - SUBJECT ADDED ENTRY--GEOGRAPHIC NAME | |
| Geographic name | India |
| General subdivision | Politics and government |
| Chronological subdivision | 20th century. |
| 9 (RLIN) | 6441 |
| 700 1# - ADDED ENTRY--PERSONAL NAME | |
| Personal name | Grover, Verinder. |
| 942 ## - ADDED ENTRY ELEMENTS (KOHA) | |
| Source of classification or shelving scheme | Dewey Decimal Classification |
| Koha item type | Books |
| Lost status | Source of classification or shelving scheme | Damaged status | Not for loan | Collection code | Permanent Location | Current Location | Shelving location | Date acquired | Source of acquisition | Cost, normal purchase price | Total Checkouts | Full call number | Date last seen | Date checked out | Copy number | Koha item type |
|---|---|---|---|---|---|---|---|---|---|---|---|---|---|---|---|---|
| Dewey Decimal Classification | Non-fiction | Central Library, University of Rajshahi | Central Library, University of Rajshahi | 27/11/1996 | Tulip eter. dhaka | 175.00 | 1 | 320.954 GAN 1966 | 26/01/2016 | 03/09/2015 | C-3 | Books | ||||
| Dewey Decimal Classification | Non-fiction | Central Library, University of Rajshahi | Central Library, University of Rajshahi | 27/11/1996 | Tulop Enterprises | 175.00 | 320.954 GAN 1966 | 18/06/2014 | C-2 | Books | ||||||
| Dewey Decimal Classification | Non-fiction | Central Library, University of Rajshahi | Central Library, University of Rajshahi | 27/11/1996 | Tulop Enterprises | 175.00 | 320.954 GAN 1966 | 18/06/2014 | C-4 | Books | ||||||
| Dewey Decimal Classification | Not For Loan | Non-fiction | Central Library, University of Rajshahi | Central Library, University of Rajshahi | Reading Room | 27/11/1996 | Tulop Enterprises | 175.00 | 320.954 GAN 1966 | 18/06/2014 | C-1 | Books |